भारत की चुनी हुई लोककथाएँ (Record no. 3335)

MARC details
000 -LEADER
fixed length control field 01577 a2200241 4500
005 - DATE AND TIME OF LATEST TRANSACTION
control field 20080911122458.0
008 - FIXED-LENGTH DATA ELEMENTS--GENERAL INFORMATION
fixed length control field 080911t xxu||||| |||| 00| 0 hin d
010 ## - LCCN (DPL NO)
LC control number HIN-79663 B-283470
020 ## - INTERNATIONAL STANDARD BOOK NUMBER
Terms of availability 250.00
035 ## - SYSTEM CONTROL NUMBER
System control number HN-52009 B-283470
037 ## - SOURCE OF ACQUISITION
Source of stock number/acquisition D.B.Act / pub
082 ## - DEWEY DECIMAL CLASSIFICATION NUMBER
Classification number
245 ## - TITLE STATEMENT
Title भारत की चुनी हुई लोककथाएँ
Statement of responsibility, etc संपादक चित्रा वारेरकर
246 ## - VARYING FORM OF TITLE
Title proper/short title Bharat ke chuni hui lockkatayen
260 ## - PUBLICATION, DISTRIBUTION, ETC. (IMPRINT)
Place of publication, distribution, etc दिल्ली
Name of publisher, distributor, etc लाइफ लाइन बुक्स
Date of publication, distribution, etc 2007
270 ## - ADDRESS
Address 1/9427, वैस्ट रोहतास नगर, शाहदरा
City दिल्ली
Postal code 110032
300 ## - PHYSICAL DESCRIPTION
Extent 208पृ
Dimensions 22 सेमी (सजिल्द)
500 ## - GENERAL NOTE
General note Same ISBN N.(देश दुनिया की लोककथाएँ)
942 ## - ADDED ENTRY ELEMENTS (KOHA)
Institution code [OBSOLETE] dpl
Item type Hindi Books
Call number prefix क / भारत
Source of classification or shelving scheme Dewey Decimal Classification
Classification part
Call number suffix भारत
Holdings
Withdrawn status Lost status Damaged status Not for loan Home library Current library Date acquired Cost, normal purchase price Total Checkouts Full call number Barcode Date last seen Copy number Cost, replacement price Koha item type Source of classification or shelving scheme Collection code Source of acquisition Total Renewals
        D.B.Act.Division D.B.Act.Division 11/09/2008 250.00   क भारत HN-52009 15/09/2008 1 250.00 Hindi Books        
        Vinoba Puri Vinoba Puri 26/09/2008 250.00 18 क भारत B-283470 20/03/2015 1 250.00 Children Books Dewey Decimal Classification Fiction दि.पु.सदन/080/28.7.08/20/15.7.08/29.7.08 1

© Delhi Public Library
Hit Counter
free hit counter